01507nab a22002417a 4500999001500000003000400015005001700019008004100036040000700077100003500084245012000119260007300239300001500312500007300327505049800400505008900898650003500987650003201022650002701054650003101081773014001112942001301252 c6342d6342OSt20260130220347.0190603e xxum|||| |||| 00| 0 spa d cPJ 96321aVan Thienen, P. Augusto 13aGarantía sobre propias acciones : b¿por qué no? (Despejando la "x" del art. 222 LGS) /cAugusto Van Thienen.  cCiudad Autónoma de Buenos Aires :aThomson Reuters La Ley, b2025. ap. 247-256 aCita: TR LALEY AR/DOC/2273/2025 Publicado en: RCCyC 2025 (Octubre). aSumario: I. Introducción.— II. Contexto actual de la prohibición.— III. Función de la prohibición y supletoriedad normativa.— IV. Repensando el art. 222 LGS.— V. Garantía sobre acciones propias: ¿por qué no?— VI. La garantía desde la perspectiva del conflicto de interés.— VII. La "prohibición" solo devenga responsabilidad.— VIII. Fideicomiso de garantía sobre acciones propias.— IX. La prenda de acciones en el Cód. Civ. y Com.— X. Mis conclusiones.  t¿Te interesa el texto completo? Solicitalo al correo: koha@justierradelfuego.gov.ar 091497aCODIGO CIVIL Y COMERCIAL 09646aSOCIEDADES COMERCIALES 091625aSOCIEDAD ANONIMA 091651aACCIONES SOCIETARIAS0 0271393170dCiudad Autónoma de Buenos Aires : Thomson Reuters La Ley, 2015-tRevista Código Civil y Comercial. Nº 5 - Octubre 2025 2udccANA